00946 2200349 4500001002100000005001500021035002000036007000300056008004100059082000800100084001400108245003900122250001400161260003100175300003700206700004000243600001400283600002100297020002100318100001600339990002200355990002200377990002200399990002200421990002200443990002200465990002200487990002200509990002200531990002200553990002100575INLIS00000000000350120260530125532 a0010-0621000033ta260530 0  a302 a302 IBN m1 aMerayakan Keragaman /cIbn Ghifare a--Cet. 1. a--Jakarta :bExpose,c2018 axiv,184 hlm. :billus. ;c21 cm.0 aeditor, Shinta; Azhar Muhamad Akbar 4aKeragaman 4aInteraksi sosial a978-60-7829-47-30 aIbn Ghifare a30.602/B/DPK/2018 a30.601/B/DPK/2018 a30.605/B/DPK/2018 a30.606/B/DPK/2018 a30.603/B/DPK/2018 a30.600/B/DPK/2018 a30.599/B/DPK/2018 a30.607/B/DPK/2018 a30.604/B/DPK/2018 a30.597/B/DPK/2018 a30598/B/DPK/2018